<?xml version="1.0" encoding="UTF-8"?><?xml-stylesheet type="text/xsl" href="static/style.xsl"?><OAI-PMH xmlns="http://www.openarchives.org/OAI/2.0/" xmlns:xsi="http://www.w3.org/2001/XMLSchema-instance" xsi:schemaLocation="http://www.openarchives.org/OAI/2.0/ http://www.openarchives.org/OAI/2.0/OAI-PMH.xsd"><responseDate>2026-04-13T18:24:34Z</responseDate><request verb="GetRecord" identifier="oai:www.recercat.cat:10256/24961" metadataPrefix="marc">https://recercat.cat/oai/request</request><GetRecord><record><header><identifier>oai:recercat.cat:10256/24961</identifier><datestamp>2025-03-18T06:02:00Z</datestamp><setSpec>com_2072_452955</setSpec><setSpec>com_2072_2054</setSpec><setSpec>col_2072_453073</setSpec></header><metadata><record xmlns="http://www.loc.gov/MARC21/slim" xmlns:dcterms="http://purl.org/dc/terms/" xmlns:xsi="http://www.w3.org/2001/XMLSchema-instance" xmlns:doc="http://www.lyncode.com/xoai" xsi:schemaLocation="http://www.loc.gov/MARC21/slim http://www.loc.gov/standards/marcxml/schema/MARC21slim.xsd">
   <leader>00925njm 22002777a 4500</leader>
   <datafield ind2=" " ind1=" " tag="042">
      <subfield code="a">dc</subfield>
   </datafield>
   <datafield ind2=" " ind1=" " tag="720">
      <subfield code="a">Pino-Rios, Ricardo</subfield>
      <subfield code="e">author</subfield>
   </datafield>
   <datafield ind2=" " ind1=" " tag="720">
      <subfield code="a">Báez-Grez, Rodrigo</subfield>
      <subfield code="e">author</subfield>
   </datafield>
   <datafield ind2=" " ind1=" " tag="720">
      <subfield code="a">Szczepanik, Dariusz W.</subfield>
      <subfield code="e">author</subfield>
   </datafield>
   <datafield ind2=" " ind1=" " tag="720">
      <subfield code="a">Solà i Puig, Miquel</subfield>
      <subfield code="e">author</subfield>
   </datafield>
   <datafield ind2=" " ind1=" " tag="260">
      <subfield code="c">2024-06-07</subfield>
   </datafield>
   <datafield ind2=" " ind1=" " tag="520">
      <subfield code="a">Articles associats:&#xd;
1. Correction: Designing potentially singlet fission materials with an anti-Kasha behaviour. DOI https://doi.org/10.1039/D5CP90023A; &#xd;
2. Comment on “Designing potentially singlet fission materials with an anti-Kasha behaviour” by R. Pino-Rios, R. Báez-Grez, D. W. Szczepanik, and M. Solá, Phys. Chem. Chem. Phys., 2024, 26, 15386. DOI	https://doi.org/10.1039/D4CP02863E; &#xd;
3. Reply to the ‘Comment on “Designing potentially singlet fission materials with an anti-Kasha behaviour”’ by K. Jindal, A. Majumdar and R. Ramakrishnan, Phys. Chem. Chem. Phys., 2025, 27, DOI: 10.1039/D4CP02863E. DOI https://doi.org/10.1039/D4CP04691A</subfield>
   </datafield>
   <datafield ind2=" " ind1=" " tag="520">
      <subfield code="a">Singlet fission (SF) compounds offer a promising avenue for improving the performance of solar cells. Using TD-DFT methods, anti-Kasha azulene derivatives that could carry out SF have been designed. For this purpose, substituted azulenes with a donor (-OH) and/or an acceptor group (-CN) have been systematically studied using the S2 ≥ 2T1 formula. We have found that -CN (-OH) substituents on electrophilic (nucleophilic) carbons results in improved SF properties when compared to azulene</subfield>
   </datafield>
   <datafield ind2=" " ind1=" " tag="520">
      <subfield code="a">M.S. is grateful for the financial support from the Ministerio de Ciencia e Innovacio´n (Project PID2020-113711GB-I00 MCIN/AEI/10.13039/50110001103) and the Generalitat de Catalunya (Project 2021-SGR-623)</subfield>
   </datafield>
   <datafield ind2=" " ind1=" " tag="520">
      <subfield code="a">Open Access funding provided thanks to the CSUC agreement with Royal Society of Chemistry (RSC)</subfield>
   </datafield>
   <datafield tag="653" ind2=" " ind1=" ">
      <subfield code="a">Hidrocarburs</subfield>
   </datafield>
   <datafield tag="653" ind2=" " ind1=" ">
      <subfield code="a">Hydrocarbons</subfield>
   </datafield>
   <datafield ind2="0" ind1="0" tag="245">
      <subfield code="a">Designing potentially singlet fission materials with an anti-Kasha behaviour</subfield>
   </datafield>
</record></metadata></record></GetRecord></OAI-PMH>